Štatistická analýza maximálnych teplôt paliva pri ustálenej prevádzke blokov JE V2 s využitím kódu TRANSURANUS

Salvato in:
Dettagli Bibliografici
Autore principale: Cifrík, Roman (Autore)
Altri autori: Cvan, Milan (Relatore della tesi), Hinca, Róbert, 1967- (Relatore della tesi)
Natura: Manoscritto Libro
Lingua:slovacco
Pubblicazione: Bratislava : STU v Bratislave FEI, 2002
Soggetti:
Tags: Aggiungi Tag
Nessun Tag, puoi essere il primo ad aggiungerne!!

MARC

LEADER 00000ntm a22000003a 4500
001 stu78863
005 20160719164741.3
008 030130s2002------------------------slo-d
040 |a STU  |b slo 
041 0 |a slo 
100 1 |a Cifrík, Roman  |4 aut 
245 1 |a Štatistická analýza maximálnych teplôt paliva pri ustálenej prevádzke blokov JE V2 s využitím kódu TRANSURANUS 
260 |a Bratislava :  |b STU v Bratislave FEI,  |c 2002 
300 |a 79 s 
650 7 |a Elektroenergetické a silnoprúdové inžinierstvo  |2 stusub 
700 1 |a Cvan, Milan  |4 ths 
700 1 |a Hinca, Róbert,  |d 1967-  |4 ths  |u E060  |U FEI Fakulta elektrotechniky a informatiky  |T FEI Ústav jadrového a fyzikálneho inžinierstva  |X 4662  |U E060  |Y 817  |7 A000004662